Numerical computation of electric and magnetic fields / (Record no. 175427)
[ view plain ]
| 000 -LEADER | |
|---|---|
| fixed length control field | 01336 a2200253 4500 |
| 003 - CONTROL NUMBER IDENTIFIER | |
| control field | Nust |
| 005 - DATE AND TIME OF LATEST TRANSACTION | |
| control field | 20220801141043.0 |
| 010 ## - LIBRARY OF CONGRESS CONTROL NUMBER | |
| LC control number | 96017140 |
| 020 ## - INTERNATIONAL STANDARD BOOK NUMBER | |
| International Standard Book Number | 0412086212 |
| 040 ## - CATALOGING SOURCE | |
| Transcribing agency | Nust |
| 082 00 - DEWEY DECIMAL CLASSIFICATION NUMBER | |
| Classification number | 530.141015194,STE |
| 100 1# - MAIN ENTRY--PERSONAL NAME | |
| Personal name | Steele, Charles W. |
| 9 (RLIN) | 96066 |
| 245 10 - TITLE STATEMENT | |
| Title | Numerical computation of electric and magnetic fields / |
| Statement of responsibility, etc. | Charles W. Steele. |
| 250 ## - EDITION STATEMENT | |
| Edition statement | 2nd ed. |
| 260 ## - PUBLICATION, DISTRIBUTION, ETC. | |
| Place of publication, distribution, etc. | New York : |
| Name of publisher, distributor, etc. | Chapman & Hall : |
| -- | International Thomson Pub., |
| Date of publication, distribution, etc. | c1997. |
| 300 ## - PHYSICAL DESCRIPTION | |
| Extent | xv, 260 p. : |
| Other physical details | ill. ; |
| Dimensions | 24 cm. |
| 505 ## - FORMATTED CONTENTS NOTE | |
| Formatted contents note | ,Introduction (Page-1), Field Properties (Page-3), Problem Definition (Page-28), Linear Space in Field Computations (Page-36), Projection Methods in Field Computations (Page-60), Finite Element Method for Interior Problems (Page-91), Finite Element Method for Exterior Problems (Page-111), Automatic and Adaptive Mesh Generation (Page-143), Integral Equation Method (Page-152), Static Magnetic Problem (Page-184), Eddy Current Problem (Page-193). |
| 650 #0 - SUBJECT ADDED ENTRY--TOPICAL TERM | |
| Topical term or geographic name entry element | Electric fields |
| General subdivision | Measurement. |
| 9 (RLIN) | 96067 |
| 650 #0 - SUBJECT ADDED ENTRY--TOPICAL TERM | |
| Topical term or geographic name entry element | Magnetic fields |
| General subdivision | Measurement. |
| 9 (RLIN) | 96068 |
| 650 #0 - SUBJECT ADDED ENTRY--TOPICAL TERM | |
| Topical term or geographic name entry element | Numerical analysis. |
| 9 (RLIN) | 103 |
| 856 42 - ELECTRONIC LOCATION AND ACCESS | |
| Materials specified | Publisher description |
| Uniform Resource Identifier | <a href="http://www.loc.gov/catdir/enhancements/fy0902/96017140-d.html">http://www.loc.gov/catdir/enhancements/fy0902/96017140-d.html</a> |
| 856 42 - ELECTRONIC LOCATION AND ACCESS | |
| Materials specified | Table of contents only |
| Uniform Resource Identifier | <a href="http://www.loc.gov/catdir/enhancements/fy0902/96017140-t.html">http://www.loc.gov/catdir/enhancements/fy0902/96017140-t.html</a> |
| 942 ## - ADDED ENTRY ELEMENTS (KOHA) | |
| Koha item type | Reference |
| Source of classification or shelving scheme | |
| Withdrawn status | Lost status | Source of classification or shelving scheme | Damaged status | Not for loan | Permanent Location | Current Location | Shelving location | Date acquired | Full call number | Barcode | Date last seen | Price effective from | Koha item type | Public note |
|---|---|---|---|---|---|---|---|---|---|---|---|---|---|---|
| Military College of Signals (MCS) | Military College of Signals (MCS) | Reference | 12/12/2016 | 530.141015194,STE | MCS27131 | 12/08/2016 | 12/12/2016 | Reference | Almirah No.19, Shelf.6 |
